The advanced developing countries : emerging actors in the world economy /

Bibliographic Details
Main Author: Mathieson, John A.
Format: Book
Language:English
Published: Washington, D.C. : Overseas Development Council, 1979.
Series:Development paper (Overseas Development Council) ; 28.
Subjects:

MARC

Tag First Indicator Second Indicator Subfields
LEADER 00000cam a2200000 a 4500
001 in00000074939
005 20151008054831.0
008 800407s1979 dcu b 00010 eng d
010 |a  79091996  
035 |a (OCoLC)06171910 
035 |9 AAJ1815AM 
040 |a AWC  |c AWC  |d m.c.  |d OCL  |d TXA  |d UtOrBLW 
049 |a TXAM  |c [1654988] 
090 |a HF1413  |b .M38 
100 1 |a Mathieson, John A. 
245 1 4 |a The advanced developing countries :  |b emerging actors in the world economy /  |c John A. Mathieson. 
264 1 |a Washington, D.C. :  |b Overseas Development Council,  |c 1979. 
300 |a iv, 67 pages ;  |c 23 cm. 
336 |a text  |b txt  |2 rdacontent 
337 |a unmediated  |b n  |2 rdamedia 
338 |a volume  |b nc  |2 rdacarrier 
490 1 |a Development paper / Overseas Development Council ;  |v 28 
504 |a Includes bibliographical references. 
651 0 |a Developing countries  |x Foreign economic relations. 
651 0 |a Developing countries  |x Economic policy. 
830 0 |a Development paper (Overseas Development Council) ;  |v 28. 
999 |a MARS 
999 f f |s 799a9f2f-83fa-31b7-a328-2eff76759c39  |i c3a67f29-8996-3b32-acab-ffcf2c7a12fd  |t 0 
952 f f |p ric  |a Texas A&M University  |b Rellis Campus  |c Joint Library Facility  |d Remote Storage  |t 0  |e HF1413 .M38  |h Library of Congress classification  |i unmediated -- volume  |m A14806133638 
998 f f |a HF1413 .M38  |t 0  |l Remote Storage